Statistiques concernant Super Smash Bros. Brawl - MégaQuiz!

Cliquez ici pour prendre le quiz!

Statistiques générales

  • Ce quiz a été pris 94 fois
  • Le résultat moyen est 59 sur 300

Statistiques - réponses

HintRéponse% Correct
Luigi
95%
PersonnagesMario
93%
Peach
89%
Bowser
87%
Link
87%
Kirby
85%
PIKACHU
85%
Zelda / Sheik
84%
Samus / Samus sans armure
83%
Wario
83%
Diddy Kong
81%
Dresseur de Pokémon
81%
Yoshi
80%
Donkey Kong
79%
Fox
79%
Ganondorf
79%
Falco
77%
Pit
77%
Roi DaDiDou
76%
RONDOUDOU
76%
Ike
75%
LUCARIO
75%
Captain Falcon
73%
Lucas
73%
Meta Knight
73%
xxSon
73%
Link Cartoon
72%
Marth
72%
Sonic
72%
Ness
71%
xIce Climber
69%
Olimar
69%
Snake
69%
Wolf
69%
Mr. Game & Watch
63%
R.O.B.
63%
xxMode Aventure : L'Émissaire Subspatial
53%
Tabbou
45%
xxClassique
44%
RAYQUAZA
40%
Ice Climbers
39%
BossCréa-Main
37%
MEW
37%
Destination Finale
36%
xHome-Run Smash
36%
Ridley
35%
Waluigi
32%
Galéon
31%
Poké Ball
31%
StagesChamp de bataille
29%
Flora Piranha
29%
KYOGRE
29%
xxEntrainement
28%
Porky
28%
xxStade
28%
Dé-Mainiaque
27%
POISSIRENE
27%
xxBrawl
25%
Duon
25%
GROUDON
25%
Méta Ridley
25%
Stade Pokémon
25%
xxAll-Star
23%
ObjetsBalle Smash
23%
Batte de baseball
23%
Stade Pokémon 2
23%
xSuper Mario Bros.
23%
xxÉvénement
21%
Shadow
21%
xxModesSolo
21%
SULFURA
21%
Temple
21%
CELEBI
20%
LATIAS & LATIOS
20%
LUGIA
20%
Giga Bowser
19%
Little Mac
19%
Trophée Aide
19%
Caisse
17%
Electacle
17%
JIRACHI
17%
RONFLEX
17%
xSmash en masse
17%
SUICUNE
17%
TIPLOUF
17%
xxTournoi
17%
DEOXYS
16%
ENTEI
16%
Epée Laser
16%
Flèche de lumière
16%
GARDEVOIR
16%
xSmash Boss
16%
Super Sonic
16%
xThe Legend of Zelda
16%
Warioman
16%
xF-Zero
15%
HO-OH
15%
Mario Bros.
15%
xNuage de trophées
15%
PictoChat
15%
Pont d'Ordinn
15%
xSmash dans le mille
15%
Triple Finish
15%
WarioWare, Inc.
15%
Brinstar
13%
Colonnes Lances
13%
xKid Icarus
13%
Marteau
13%
Nourriture
13%
Badge Franklin
12%
Big Blue
12%
Bob-Omb
12%
Combat cruel
12%
xxCombat spécial
12%
Corneria
12%
Curry extrafort
12%
Frappe Triforce (Link)
12%
Frappe Triforce (Link Cartoon)
12%
Landmaster (Falco)
12%
Landmaster (Fox)
12%
Landmaster (Wolf)
12%
MANAPHY
12%
METALOSSE
12%
PokémonMIAOUSS
12%
POUSSIFEU
12%
Tonneau
12%
Zone négative
12%
xxxCoffre
11%
Combat des 10
11%
Combat des 100
11%
xxCréateur de stage
11%
xGalerie de trophées
11%
Grand Ether
11%
Halberd
11%
Iceberg
11%
JOLIFLOR
11%
Trophées AideLakitu & Hériss
11%
Lyn
11%
Manoir de Luigi
11%
Onett
11%
Place Delfino
11%
Royaume Champiternel
11%
Sac de sable
11%
STARI
11%
Traversée de Lylat
11%
xxVidéos
11%
Andross
9%
Ballon de foot
9%
Blue Falcon
9%
Carapace verte
9%
Château assiégé
9%
Chien Nintendogs
9%
Circuit Mario
9%
xxDéfis
9%
Final SmashFinal Mario
9%
Fleur de feu
9%
GERMIGNON
9%
xxxGroupe
9%
Île de Yoshi
9%
Île de Yoshi (Melee)
9%
xLance-pièces
9%
Laser Zéro
9%
Mr. Saturn
9%
New Pork City
9%
Nintendo Scope
9%
xxxOptions
9%
Smashville
9%
Super Champi
9%
Ténèbres Galactiques
9%
75 m
8%
Capsule
8%
xxChefs-d'oeuvre
8%
Combat de 15 minutes
8%
Combinaison de Puissance
8%
Frère Marto
8%
GOINFREX
8%
Hanenbow
8%
Jungle des Jobards
8%
Kirby Cuisine
8%
Maxi-Tomate
8%
Mégagonflage
8%
Norfair
8%
Octopus
8%
Peau de banane
8%
xxPhotos
8%
Port Town
8%
xxRoulement
8%
Rythme Konga
8%
xxStatistiques
8%
Super Etoile
8%
TOGEPI
8%
Vertes Prairies
8%
Vlad
8%
Armée de Palutena
7%
Champi Poison
7%
Crépuscule
7%
Démon
7%
DIMORET
7%
Eclair
7%
xxEffacer données
7%
ELECTRODE
7%
Eventail
7%
Gray Fox
7%
Île de Shadow Moses
7%
Lance-Pétards
7%
MANZAI
7%
Morceaux de Dragoon
7%
Noix Mojo
7%
xxNoms
7%
Peach en fleurs
7%
Pistolaser
7%
PSY Météores (Lucas)
7%
PSY Météores (Ness)
7%
QULBUTOKE
7%
xxRègles
7%
Ressort
7%
Sommet
7%
xStar Fox 64
7%
Super Dragon
7%
xSuper Mario Bros. 2
7%
xSuper Metroid
7%
xThe Legend of Zelda: Ocarina of Time
7%
Tingle
7%
Zone Green Hill
7%
xxAffichage
5%
xxAnti-scintillement
5%
Armée de Waddle Dees
5%
Attaque en vrille
5%
xxBanque sonore
5%
Barbara
5%
Barrage Rapido Rocket
5%
Boule Fumée
5%
Bumper
5%
Caisse explosive
5%
Cascade à Rebours
5%
xxChronique
5%
Combat de 3 minutes
5%
xCombat en équipe
5%
Créature Ganon
5%
xxxDonnées
5%
xxFilms
5%
Frappe critique
5%
Frégate Orphéon
5%
GLOUPTI
5%
Kat & Ana
5%
xKirby's Adventure
5%
Knuckle Joe
5%
Lance-grenade
5%
xxMa musique
5%
Marteau en or
5%
Planète lointaine
5%
Réceptacle de cœur
5%
Samouraï Goroh
5%
xSuper Mario World
5%
Tempête Aura
5%
xxTrophées et Vignettes
5%
Vaisseau Pirate
5%
xxVibrations
5%
xAlbum de vignettes
4%
xxAvec des amis
4%
Ballon surprise
4%
Bâton Etoile
4%
Bombe à détection
4%
Bombe gluante
4%
Bombe intelligente
4%
Combat sans fin
4%
xCombat simple
4%
xxCommandes
4%
Course Arc-en-ciel
4%
Espace 2D n°2
4%
Etoile Warp
4%
Jeff
4%
Masque du lapin
4%
Motos Excitebike
4%
M. Resetti
4%
Piège
4%
Ray Mk III
4%
Royaume céleste
4%
Saki Amamiya
4%
Sceptre de Lip
4%
xStudio vignettes
4%
Unira
4%
xxxWi-Fi
4%
Boîte de métal
3%
Chronomètre
3%
Congélo
3%
Dr. Wright
3%
Infanterie & Tanks
3%
Métroïde
3%
xxMode anonyme
3%
Rayon diffus
3%
Sphère amie
3%
Helirin
1%
Jill
1%
xSpectateur
1%
Stafy
1%
Tête Brûlée
1%

Distribution des résultats

Percentile par nombre de réponses

% des personnes avec chaque résultat

Votre développement - résultats

Vous n’avez pas pris ce quiz